| Tag |
First Indicator |
Second Indicator |
Subfields |
| LEADER |
00000pam a2200000 a 4500 |
| 001 |
in00000091053 |
| 005 |
20151008063904.0 |
| 008 |
810107s1981 njuaf 00010aengm |
| 010 |
|
|
|a 81000043
|
| 020 |
|
|
|a 0132118882
|
| 035 |
|
|
|a (OCoLC)07197249
|
| 035 |
|
|
|9 AAK3121AM
|
| 039 |
0 |
|
|a 2
|b 3
|c 3
|d 3
|e 3
|
| 040 |
|
|
|a DLC
|c DLC
|d m.c.
|d TXA
|d UtOrBLW
|
| 043 |
|
|
|a n-us-in
|
| 049 |
|
|
|a TXAM
|c [387669]
|
| 050 |
0 |
0 |
|a GV884.P45
|b A34
|
| 082 |
0 |
|
|a 796.32/3/0924
|a B
|2 19
|
| 100 |
1 |
|
|a Phelps, Richard.
|
| 245 |
1 |
0 |
|a Digger Phelps and Notre Dame basketball /
|c by Richard "Digger" Phelps & Pat Scanlon.
|
| 264 |
|
1 |
|a Englewood Cliffs, N.J. :
|b Prentice-Hall,
|c [1981]
|
| 264 |
|
4 |
|c ©1981
|
| 300 |
|
|
|a xiii, 188 pages, 16 unnumbered pages of plates :
|b illustrations ;
|c 24 cm.
|
| 336 |
|
|
|a text
|b txt
|2 rdacontent
|
| 337 |
|
|
|a unmediated
|b n
|2 rdamedia
|
| 338 |
|
|
|a volume
|b nc
|2 rdacarrier
|
| 600 |
1 |
0 |
|a Phelps, Richard.
|
| 610 |
2 |
0 |
|a University of Notre Dame
|x Basketball.
|
| 650 |
|
0 |
|a Basketball coaches
|z United States
|v Biography.
|
| 650 |
|
0 |
|a Basketball
|x Coaching.
|
| 700 |
1 |
|
|a Scanlon, Pat.
|
| 999 |
|
|
|a MARS
|
| 999 |
f |
f |
|s 0737fd2c-8450-3a0d-8c15-b920404203a3
|i f4d934c2-39bd-39b8-8a92-a2e61ff9224f
|t 0
|
| 952 |
f |
f |
|p ric
|a Texas A&M University
|b Rellis Campus
|c Joint Library Facility
|d Remote Storage
|t 0
|e GV884.P45 A34
|h Library of Congress classification
|i unmediated -- volume
|m A14806116678
|
| 998 |
f |
f |
|a GV884.P45 A34
|t 0
|l Remote Storage
|